000 03263nam a2200265 4500
001 114491
003 DR-UNIBE
005 20260319144138.0
008 260319b2006 dr ||||| |||| 00| 0 spa d
040 _aBIBLIOTECA UNIBE
_bspa
_cBIBLIOTECA UNIBE
041 _aspa
082 _222
_aRD 972.9303 P936f 2006
100 1 _aPrestinary, Carmen H.
_eautor
_9203506
245 1 0 _aFrancia en la isla de Santo Domingo /
_cCarmen H. Prestinary
250 _aPrimera edición
260 _aSanto domingo :
_bFundación de Estudios Económicos y Políticos, Inc. (Fundesep) :
_bComisión Permanente de Efemerides Patrias,
_c2006
300 _a180 páginas ;
_c23 cm
490 _aDocumentos de la República
505 0 _a1. Prólogo | 2. Introducción | 3. Notas sobre la parte española, informe anónimo al gobierno francés | 4. Hoja de servicio militar de Ferrand | 5. Carta de Ferrand como inspector general de remontes al ministro de la guerra | 6. Carta del ministro de la marina y las colonias al ministro de la guerra sobre el envío de Ferrand a Santo Domingo | 7. Carta del comisario de Santo Domingo al ministro de marina remitiendo una carta del Consejo de Notables de Santo Domingo | 8. Carta del gobernador de la isla de Puerto Rico a la corona española informando la entrega de banderas españolas por Ferrand que se encontraban en uso por el batallón español de Santo Domingo | 9. Instrucciones dadas a Ferrand para la administración de la parte este de la isla de Santo Domingo, enviadas por Napoleón | 10. Decreto de Ferrand del 23 de febrero de 1807, introduciendo modificaciones en la organización judicial | 11. Extracto de decreto de Ferrand del 20 de mayo de 1807, introduciendo modificaciones al Código de Procedimiento Civil | 12. Extracto del decreto de Ferrand del 1ro. de septiembre de 1807, introduciendo modificaciones al Código de Procedimiento Criminal | 13. Decreto de Ferrand del 1ro. de diciembre de 1807, regulando las concesiones de terrenos en la península de Samaná | 14. Extracto del decreto de Ferrand del 31 de diciembre de 1807, instaurando del Código Napoleónico de Santo Domingo | 15. Memorias de Ferrand sobre la situación de la parte Este de Santo Domingo en sus diferentes áreas: tropas, marina, policía general, agricultura, comercio, finanzas, propiedades nacionales y cultos, encabezadas por su carta de remisión | 16. Relación sumaria de los despachos de Ferrand del 1ro de agosto de 1808 enviados al ministro de la marina | 17. Presupuesto militar de Santo Domingo para el año 1808 | 18. Composición militar francesa: Gran Estado Mayor, Estado Mayor y Compañía
520 3 _a"Recoge una parte importante de la documentación oficial del gobierno francés en la parte Este de la isla de Santo Domingo, hoy República Dominicana, cuando en ella fueron introducidos los códigos napoleónicos y se tomaron las primeras medidas para organizar la defensa ante la pérdida por parte de Francia, de la parte Oeste, tras la independencia de Haití".
651 7 _2lemb
_aRepública Dominicana
_xHistoria
_yGobierno colonial francés, 1795-1809
_9193934
651 7 _2lemb
_aHaití
_xHistoria
_916314
700 1 _aLockward, Ángel,
_d1955-
_eprologuista
_9203507
942 _2ddc
_cBK
999 _c114491
_d114491